| 000 | 01009nam a22002657a 4500 | ||
|---|---|---|---|
| 005 | 20170124103029.0 | ||
| 010 | _aA-459816 | ||
| 020 | _c50.00 | ||
| 035 | _aA-459816 | ||
| 037 | _bCen Lib/Ret | ||
| 040 |
_aDPL _bHN |
||
| 082 |
_aक _bजीवन |
||
| 245 |
_aजीवन-पुष्प / _cसंपादक विजय कुमार सविता |
||
| 246 |
_aJeeva-pushp / _bsampadak Vijay Kumar savita |
||
| 260 |
_aलखनऊ _bगोविन्द प्रकाशन _c1990 |
||
| 270 |
_bलखनऊ _aराजीव नगर |
||
| 300 |
_a120पृ. _c19सेमी (सजिल्द) |
||
| 500 | _aपरिशिष्ट शामिल | ||
| 650 |
_aहिन्दी साहित्य _963169 |
||
| 650 |
_a हिंदी कहानियां _92082 |
||
| 650 |
_aHindi literature _963170 |
||
| 650 |
_aHindi stories _963171 |
||
| 700 |
_a विजय कुमार सविता _942923 |
||
| 942 |
_2ddc _cHN _hक _mजीवन |
||
| 999 |
_c115774 _d115774 |
||